书目信息 |
| 题名: |
钢筋混凝土结构的计算机辅助教学
|
|
| 作者: | 赵彤 编著 | |
| 分册: | ||
| 出版信息: | 天津 天津大学出版社 1998.09 |
|
| 页数: | 92页 | |
| 开本: | 16开 | |
| 丛书名: | ||
| 单 册: | ||
| 中图分类: | ||
| 科图分类: | ||
| 主题词: | 混凝土结构 , 钢筋混凝土结构 | |
| 电子资源: | ||
| ISBN: | 7-5618-1079-2 | |
| 000 | 00657nam0 2200217 45 | |
| 001 | 9911040911 | |
| 005 | 20001203091241.8 | |
| 010 | @a7-5618-1079-2@d8.80元 | |
| 100 | @a19991104d1998 km y0chiy0120 ea | |
| 101 | @achi | |
| 105 | @a z 000yy | |
| 200 | 1 | @a钢筋混凝土结构的计算机辅助教学@AGang Jin Hun Ning Tu Jie Gou De Ji Suan Ji Fu Zhu Jiao Xue@f赵彤,韩明编著@FZhao Tong,Han Ming Bian Zhu |
| 210 | @a天津@c天津大学出版社@d1998.09 | |
| 215 | @a92页@d16开 | |
| 606 | 0 | @a混凝土结构 |
| 606 | 0 | @a钢筋混凝土结构 |
| 690 | @v3 | |
| 690 | @aTU375@v3 | |
| 701 | @a赵彤@4编著 | |
| 801 | @aCN@bPFTUser@c19991104 | |
| 905 | @dTU375@eZH.306@b510907-916@f10 | |
| 钢筋混凝土结构的计算机辅助教学/赵彤,韩明编著.-天津:天津大学出版社,1998.09 |
| 92页;16开 |
| ISBN 7-5618-1079-2:8.80元 |
| ● |
| 相关链接 |
|
|
|
正题名:钢筋混凝土结构的计算机辅助教学
索取号:TU375/ZH.306
 
预约/预借
| 序号 | 登录号 | 条形码 | 馆藏地/架位号 | 状态 | 备注 |
| 1 | 510907 | 205109078 | 自科二线404/404自科库 27排5列4层/ [索取号:TU375/ZH.306] | 在馆 | |
| 2 | 510908 | 205109087 | 土木与交通工程学院资料室/土木与交通学院资料室 1排1列1层/ [索取号:TU375/ZH.306] | 在馆 | |
| 3 | 510909 | 205109096 | 土木与交通工程学院资料室/土木与交通学院资料室 1排1列1层/ [索取号:TU375/ZH.306] | 在馆 | |
| 4 | 510910 | 205109103 | 自科二线404/404自科库 27排5列5层/ [索取号:TU375/ZH.306] | 在馆 | |
| 5 | 510911 | 205109112 | 土木与交通工程学院资料室/土木与交通学院资料室 1排1列1层/ [索取号:TU375/ZH.306] | 在馆 | |
| 6 | 510912 | 205109121 | 土木与交通工程学院资料室/土木与交通学院资料室 1排1列1层/ [索取号:TU375/ZH.306] | 在馆 | |
| 7 | 510913 | 205109130 | 土木与交通工程学院资料室/土木与交通学院资料室 1排1列1层/ [索取号:TU375/ZH.306] | 在馆 | |
| 8 | 510914 | 205109149 | 建筑库101/101建筑库 88排1列5层/ [索取号:TU375/ZH.306] | 在馆 | |
| 9 | 510915 | 205109158 | 自科二线404/404自科库 27排5列5层/ [索取号:TU375/ZH.306] | 在馆 | |
| 10 | 510916 | 205109167 | 土木与交通工程学院资料室/土木与交通学院资料室 1排1列1层/ [索取号:TU375/ZH.306] | 在馆 |